| 000 | 00441nam a2200169Ia 4500 | ||
|---|---|---|---|
| 008 | 230917s9999||||xx |||||||||||||| ||und|| | ||
| 020 | _cRS795 | ||
| 040 |
_e231945 _aMAIN |
||
| 041 | _aEnglish | ||
| 082 | _a647.94 A67P | ||
| 100 | _aArora, R K | ||
| 245 | 0 | _aProfessional housekeeping | |
| 260 |
_aNew Delhi _bAPH Publishing _c2016 |
||
| 300 | _aviii, 300 p. | ||
| 500 | _a2282 10/02/2016 HBD15/1610 11/02/2016 IHTM (SFS) | ||
| 942 | _cBK | ||
| 999 |
_c18161 _d18161 |
||